Podnikové kombinácie a ich nadväznosť na konsolidovanú účtovnú závierku materských a dcérskych podnikov diplomová práca

Gespeichert in:
Bibliographische Detailangaben
1. Verfasser: Záhumenská, Miroslava
Körperschaft: Fakulta hospodárskej informatiky EU. Katedra účtovníctva a audítorstva
Weitere Verfasser: Hvoždarová, Jana
Format: Buch
Sprache:Slowakisch
Veröffentlicht: Bratislava 2017
Tags: Tag hinzufügen
Keine Tags, Fügen Sie das erste Tag hinzu!

MARC

LEADER 00000nbm a2200000 4500
001 0233010
005 20240627113712.7
041 0 |a slo 
044 |a SK 
245 1 0 |a Podnikové kombinácie a ich nadväznosť na konsolidovanú účtovnú závierku materských a dcérskych podnikov  |b diplomová práca  |c Miroslava Záhumenská ; školiteľ: Jana Hvoždarová 
264 1 |a Bratislava  |c 2017 
300 |a 66 s. 
100 1 |a Záhumenská, Miroslava 
700 1 |a Hvoždarová, Jana 
710 2 |a Fakulta hospodárskej informatiky EU. Katedra účtovníctva a audítorstva